Maltrato infantil un mal que sí tiene cura (Registro nro. 33093)

Detalles MARC
000 -ENCABEZADO
Número de control [NR] 00828nam a2200181Ia 4500
008 - DE LONGITUD FIJA DE DATOS DE ELEMENTOS - INFORMACIÓN GENERAL
Elementos de longitud fija [NR] 130821s1993 ck gr spa
040 ## - FUENTE DE CATALOGACION [NR]
Agencia de catalogación original [NR] Co-BoUCM
Idioma de catalogación [NR] spa
041 00 - CODIGO DE IDIOMA [R]
Código de idioma para texto/pista de sonido o título separado [R] Español
110 ## - ASIENTO PRINCIPAL--NOMBRE CORPORATIVO [NR]
Nombre corporativo o de jurisdicción como elemento de entrada [NR] Colombia. Presidencia de la República. Despacho de la primera dama. Programa Nacional de acción en favor de la infancia. Comité internacional para la prevención del maltrato infantil
ID de autoridad 158466
245 10 - MENCION DE TITULO [NR]
Título [NR] Maltrato infantil un mal que sí tiene cura
Mención de responsabilidad, etc. [NR] Comité interinstitucional para la prevención del maltrato infantil.
260 ## - PUBLICACION, DISTRIBUCION, ETC. (PIE DE IMPRENTA) [R]
Lugar de publicación, distribución, etc. [R] Bogotá (Colombia)
Nombre del editor, distribuidor, etc. [R] Presidencia de la República
Fecha de publicación, distribución, etc. [R] 1993
300 ## - DESCRIPCION FISICA [R]
Extensión [R] 36 páginas
650 04 - ASIENTO SECUNDARIO DE MATERIA - TERMINO TEMATICO [R]
Término temático o nombre geográfico como elemento de entrada [NR] Niños maltratados
9 (RLIN) 20382
650 04 - ASIENTO SECUNDARIO DE MATERIA - TERMINO TEMATICO [R]
Término temático o nombre geográfico como elemento de entrada [NR] Niños y violencia
9 (RLIN) 20397
650 04 - ASIENTO SECUNDARIO DE MATERIA - TERMINO TEMATICO [R]
Término temático o nombre geográfico como elemento de entrada [NR] Problemas sociales
9 (RLIN) 22324
942 ## - ELEMENTOS DE ENTRADA AGREGADOS (KOHA)
Tipo de ítem principal el descrito en 300a Libro
Tema principal Administración
Edición 1
Parte restante de la signatura top. C718m
Sistema de clasificación DEWEY
Clasificación 362.76
Existencias
Fecha de último préstamo Total préstamos Signatura topográfica Código de barras Última vez visto Ejemplar Price effective from Tipo de ítem Perdido Sistema de clasificación Dañado No prestable Tipo de ítem específico Suprimido Ubicación habitual Ubicación actual Localización Fecha de creación Forma de adquisición Costo
07/05/2019 11 362.76 C718m 100058249 09/12/2025 Ej.1 03/02/2013 Libro   DEWEY     Libro   Claustro Claustro 2do piso 28/02/2003 Donación 10000.00